| 000 | 01498nam a2200385Ia 4500 | ||
|---|---|---|---|
| 001 | ebr10060870 | ||
| 003 | CaPaEBR | ||
| 006 | m u | ||
| 007 | cr cn||||||||| | ||
| 008 | 881020r1989 nyuab sb 001 0 eng d | ||
| 010 | _z 88037915 | ||
| 020 | _z0203201035 | ||
| 020 | _z0028973410 | ||
| 040 |
_aCaPaEBR _cCaPaEBR |
||
| 035 | _a(OCoLC)567853715 | ||
| 050 | 1 | 4 |
_aHC253 _b.A86 1989eb |
| 082 | 0 | 4 |
_a330.941 _219 |
| 245 | 0 | 0 |
_aAtlas of British social and economic history since c. 1700 _h[electronic resource] / _cedited by Rex Pope. |
| 250 | _a1st American ed. | ||
| 260 |
_aNew York, NY : _bMacmillan, _c1989. |
||
| 300 |
_axiii, 250 p. : _bill., maps. |
||
| 504 | _aIncludes bibliographical references and index. | ||
| 533 |
_aElectronic reproduction. _bPalo Alto, Calif. : _cebrary, _d2009. _nAvailable via World Wide Web. _nAccess may be limited to ebrary affiliated libraries. |
||
| 650 | 0 |
_aIndustries _zGreat Britain _xHistory. |
|
| 650 | 0 |
_aIndustries _zGreat Britain _xHistory _vMaps. |
|
| 651 | 0 |
_aGreat Britain _xHistory. |
|
| 651 | 0 |
_aGreat Britain _xEconomic conditions. |
|
| 651 | 0 |
_aGreat Britain _xSocial conditions. |
|
| 651 | 0 |
_aGreat Britain _xEconomic conditions _vMaps. |
|
| 651 | 0 |
_aGreat Britain _xSocial conditions _vMaps. |
|
| 655 | 7 |
_aElectronic books. _2local |
|
| 700 | 1 | _aPope, Rex. | |
| 710 | 2 | _aebrary, Inc. | |
| 856 | 4 | 0 |
_uhttp://site.ebrary.com/lib/rucke/Doc?id=10060870 _zAn electronic book accessible through the World Wide Web; click to view |
| 999 |
_c46527 _d46527 |
||